Algunos poemas de Rubén Darío / (Record no. 51849)

MARC details
000 -LEADER
campo de control de longitud fija 00651nam a2200181 i 4500
001 - NÚMERO DE CONTROL
campo de control 51849
003 - IDENTIFICADOR DE NÚMERO DE CONTROL
campo de control ES-MaACL
005 - FECHA Y HORA DE LA ÚLTIMA TRANSACCIÓN
campo de control 20240225063049.0
007 - CAMPO FIJO DE DESCRIPCIÓN FÍSICA--INFORMACIÓN GENERAL
campo de control de longitud fija t|
008 - DATOS DE LONGITUD FIJA--INFORMACIÓN GENERAL
campo de control de longitud fija 030820s1916 ag ||||1| spa d
100 1# - ENTRADA PRINCIPAL--NOMBRE DE PERSONA
Nombre de persona Darío, Rubén,
Fechas asociadas al nombre 1867-1916
9 (RLIN) 42720
245 10 - MENCIÓN DEL TÍTULO
Título Algunos poemas de Rubén Darío /
Mención de responsabilidad, etc. Comentario de Alvaro Melián Lafinur (leído en el "Conservatorio de Música de Buenos Aires" el sabado 15 de julio de 1916).
260 ## - PUBLICACIÓN, DISTRIBUCIÓN, ETC.
Lugar de publicación, distribución, etc. Buenos Aires :
Nombre del editor, distribuidor, etc. [Gurina & Cia.],
Fecha de publicación, distribución, etc. 1916 (
Fabricante Ferrari Hnos.)
300 ## - DESCRIPCIÓN FÍSICA
Extensión 36 p. ;
Dimensiones 18 cm.
700 0# - ENTRADA AGREGADA--NOMBRE PERSONAL
Nombre de persona Melián Lafinur, Alvaro.
9 (RLIN) 79965
852 ## - LOCALIZACIÓN
Ubicación ES-MaACL
Número de control de estantería 1526-F-3
Holdings
Estatus retirado Estado de pérdida Estado de daño No para préstamo Colección Biblioteca de origen Biblioteca actual Ubicación en estantería Fecha de adquisición Fuente de adquisición Total de préstamos Signatura topográfica completa Código de barras Visto por última vez Precio de reemplazo Tipo de ítem Koha
        Colección de folletos Biblioteca del Ateneo de Madrid Biblioteca del Ateneo de Madrid Depósito folletos 17/01/2008     1526-F-3 1054518 23/02/2023 23/02/2023 Folleto